000 00546nam a2200181Ia 4500
005 20250326144301.0
008 250326s9999 xx 000 0 und d
037 _aTextbook
040 _aFMSL
_beng
_cFMSL
041 _aeng
_2eng
084 _aX:8 P6
_qFMSL
100 _aBaets W R J
_9749399
245 0 _aComplexity, learning and organizations : quantum interpretation of business
_cBaets W R J
260 _aLondon
_bLondon, Routledge
_c2006
365 _b5163.8999999999996
942 _cTB
_hX:8 P6
999 _c1303134
_d1303134